| 000 | 00931cab a2200289 4500 | ||
|---|---|---|---|
| 001 | ABS46134 | ||
| 008 | 090401t1992 xxu||||| |||| 00| 0 eng d | ||
| 035 | _a(Sirsi) u56940 | ||
| 041 | _aeng | ||
| 100 | _aGoris, W. | ||
| 245 | _aTax aspects of property investment in Belgium | ||
| 260 | _c1992 | ||
| 350 | _a0 | ||
| 490 |
_aJournal of Property Finance _v2(4) Spring 1992, 53-541(9) |
||
| 520 | _aAn overview of the taxation system relating to property investment in Belgium. Complements an earlier paper on commercial property finance (See Abs 44287). | ||
| 650 | _aBELGIUM | ||
| 650 | _aPROPERTY INCOME | ||
| 650 | _aPROPERTY INVESTMENT | ||
| 650 | _aPROPERTY SALES | ||
| 650 | _aVALUE ADDED TAX | ||
| 690 | _aPROPERTY-COMMERCIAL PROPERTY-COMMERCIAL PROPERTY FINANCE AND INVESTMENT | ||
| 690 |
_aInsurance _96249 |
||
| 690 | _aOVERSEAS-EUROPE | ||
| 700 | _aDe Wit, G. | ||
| 942 | _n0 | ||
| 948 | _c04/03/1997 | ||
| 999 |
_c34739 _d34739 |
||